[Event "VI Torneo Leonardo di Bona Internazionale"]
[Site "Cutro ITA"]
[Date "2000.05.05"]
[Round "9"]
[White "Ortega, Lexy"]
[Black "Aleksic, Nenad"]
[Result "1/2-1/2"]
[WhiteElo "2479"]
[BlackElo "2405"]
[PlyCount "28"]
[EventDate "2000.04.27"]

1. e4 c5 2. Nf3 d6 3. d4 cxd4 4. Nxd4 Nf6 5. Nc3 a6 6. Bg5 e6 7. f4 Qc7 8. Qf3
Bd7 9. O-O-O Nc6 10. Bxf6 gxf6 11. f5 Nxd4 12. Rxd4 Qc5 13. fxe6 Qg5+ 14. Kb1
fxe6 1/2-1/2

[Event "VI Torneo Leonardo di Bona Internazionale"]
[Site "Cutro ITA"]
[Date "2000.05.05"]
[Round "9"]
[White "Skembris, Spyridon"]
[Black "Ristic, Nenad"]
[Result "1-0"]
[WhiteElo "2481"]
[BlackElo "2435"]
[PlyCount "91"]
[EventDate "2000.04.27"]

1. c4 c5 2. Nf3 Nc6 3. Nc3 Nd4 4. e3 Nxf3+ 5. Qxf3 g6 6. b3 Bg7 7. Bb2 d6 8. g3
Nh6 9. Bg2 O-O 10. O-O Rb8 11. Qe2 Nf5 12. d3 a6 13. Ne4 e5 14. f4 b6 15. Rad1
Qe7 16. fxe5 dxe5 17. Nc3 h5 18. Nd5 Qg5 19. Bc1 Qd8 20. Qf2 Be6 21. Be4 Nd6
22. Bg2 f5 23. d4 Ne4 24. Qe1 Bxd5 25. dxc5 Qe7 26. Rxd5 Nxc5 27. e4 fxe4 28.
Rxf8+ Rxf8 29. Ba3 Qf6 30. Bxc5 bxc5 31. Bxe4 Bh6 32. Rd3 Qg5 33. Kg2 Qf6 34.
Qe2 Kh8 35. h4 Kg7 36. b4 cxb4 37. c5 Rd8 38. Qd1 Rd4 39. Rxd4 exd4 40. c6 Qe5
41. Qc2 Qc7 42. Qc4 Qe5 43. Qd5 Qc7 44. Qxd4+ Kf8 45. Qh8+ Kf7 46. Bd5+ 1-0

[Event "VI Torneo Leonardo di Bona Internazionale"]
[Site "Cutro ITA"]
[Date "2000.05.05"]
[Round "9"]
[White "Timoscenko, Gennadij A."]
[Black "Razuvaev, Yuri S."]
[Result "1/2-1/2"]
[WhiteElo "2519"]
[BlackElo "2548"]
[PlyCount "28"]
[EventDate "2000.04.27"]

1. d4 Nf6 2. c4 e6 3. Nc3 Bb4 4. Qc2 O-O 5. Nf3 c5 6. dxc5 Na6 7. e3 Nxc5 8.
Bd2 b6 9. Be2 Bb7 10. O-O Nce4 11. Nxe4 Bxe4 12. Bd3 Bxd3 13. Qxd3 Bxd2 14.
Qxd2 Qc7 1/2-1/2

[Event "VI Torneo Leonardo di Bona Internazionale"]
[Site "Cutro ITA"]
[Date "2000.05.06"]
[Round "10"]
[White "Aleksic, Nenad"]
[Black "Abatino, Maurizio"]
[Result "1-0"]
[WhiteElo "2405"]
[BlackElo "2248"]
[PlyCount "101"]
[EventDate "2000.04.27"]

1. e4 e6 2. Nf3 d5 3. Nc3 Nf6 4. e5 Nfd7 5. d4 c5 6. dxc5 Nc6 7. Bf4 Bxc5 8.
Bd3 f6 9. exf6 Qxf6 10. Bg3 O-O 11. O-O Nde5 12. Nxe5 Nxe5 13. Bxh7+ Kxh7 14.
Qh5+ Kg8 15. Bxe5 Qe7 16. Rad1 Bd7 17. Bd4 Rf5 18. Qe2 Bd6 19. g3 a6 20. f4
Raf8 21. Rde1 Qf7 22. Qg2 Qg6 23. Nd1 R5f7 24. c3 Qh6 25. h4 Qh5 26. Rf3 Re8
27. Rfe3 Bc8 28. Nf2 b5 29. Nh3 Rfe7 30. Ng5 Qg6 31. Nf3 Qf5 32. b4 Bb8 33. Bc5
Rf7 34. Nd4 Qg4 35. Nf3 Qf5 36. Kh2 Rf6 37. Bd4 Rh6 38. Be5 Ba7 39. Nd4 Qg4 40.
Qe2 Qxe2+ 41. R3xe2 Kf7 42. Nf3 Bd7 43. Ng5+ Kg8 44. Bd4 Bb8 45. Kg2 Bd6 46. f5
e5 47. Bxe5 Bxe5 48. Rxe5 Rxe5 49. Rxe5 Rf6 50. g4 Rc6 51. Re7 1-0

[Event "VI Torneo Leonardo di Bona Internazionale"]
[Site "Cutro ITA"]
[Date "2000.05.06"]
[Round "10"]
[White "Chatalbashev, Boris"]
[Black "Skembris, Spyridon"]
[Result "1-0"]
[WhiteElo "2522"]
[BlackElo "2481"]
[PlyCount "79"]
[EventDate "2000.04.27"]

1. d4 c5 2. d5 e5 3. e4 d6 4. c4 Be7 5. h3 Bg5 6. Nd2 h5 7. Ngf3 Bh6 8. g3 g6
9. Bg2 a6 10. a3 b5 11. b4 Nd7 12. O-O Ngf6 13. Qc2 Rb8 14. cxb5 axb5 15. bxc5
dxc5 16. Bb2 Qe7 17. Nb3 Ra8 18. Rad1 c4 19. d6 Qd8 20. Nc1 O-O 21. Nxe5 Nxe5
22. Bxe5 Nd7 23. Bb2 Bb7 24. Ne2 Nc5 25. Nc3 Qd7 26. Nd5 Bxd5 27. Rxd5 Nd3 28.
e5 b4 29. axb4 Nxb4 30. Qxc4 Nxd5 31. Bxd5 Rac8 32. Qe4 Kh7 33. g4 hxg4 34.
hxg4 Rc5 35. Rd1 Rb8 36. e6 Qxd6 37. Be5 Rxd5 38. Qxd5 Qxd5 39. Rxd5 fxe6 40.
Rd7+ 1-0

[Event "VI Torneo Leonardo di Bona Internazionale"]
[Site "Cutro ITA"]
[Date "2000.05.06"]
[Round "10"]
[White "Drasko, Milan"]
[Black "Timoscenko, Gennadij A."]
[Result "1/2-1/2"]
[WhiteElo "2520"]
[BlackElo "2519"]
[PlyCount "21"]
[EventDate "2000.04.27"]

1. Nf3 Nf6 2. g3 b6 3. Bg2 Bb7 4. O-O e6 5. c4 Be7 6. b3 O-O 7. Bb2 d5 8. e3 c5
9. Nc3 dxc4 10. bxc4 Nc6 11. Qe2 1/2-1/2

[Event "VI Torneo Leonardo di Bona Internazionale"]
[Site "Cutro ITA"]
[Date "2000.05.07"]
[Round "11"]
[White "Ortega, Lexy"]
[Black "Ristic, Nenad"]
[Result "1/2-1/2"]
[WhiteElo "2479"]
[BlackElo "2435"]
[PlyCount "23"]
[EventDate "2000.04.27"]

1. d4 d5 2. c4 e6 3. Nc3 Nf6 4. cxd5 exd5 5. Bg5 Be7 6. e3 O-O 7. Bd3 c6 8. Qc2
Nbd7 9. Nf3 Re8 10. O-O Nf8 11. Bxf6 Bxf6 12. b4 1/2-1/2